000 01201nam a2200277Ia 4500
999 _c6732
_d6732
003 OSt
005 20200626175236.0
008 191128s1977 mx ad gr 001 0 spa d
040 _aCO-JMCR
_cCO-JMCR
041 1 _aspa
_heng
082 0 4 _a330.157 /
_bH631v1
_223
100 1 _aHicks, J.R.,
_eautor
_96273
245 1 0 _aValor y capital :
_binvestigación sobre algunos principios fundamentales de teoría económica /
_cJ.R. Hicks ; versión española de Javier Márquez
250 _aSegunda edición
260 _aMéxico :
_bFondo de Cultura Económica,
_c1977.
300 _axxiii, 422 páginas :
_bgráficos a blanco y negro ;
_c21 cm.
490 0 _aSección de obras de economía
500 _aIncluye índice analítico páginas 407-413, apéndice matemático páginas 373-406.
505 0 _aLa teoría del valor subjetivo -- Equilibrio general -- Los fundamentos de la economía dinámica -- El funcionamiento del sistema dinámico -- Apéndice matemático
546 _aTraducido del inglés
650 1 4 _aTeoría económica
_96274
650 2 4 _aValor
_xEconomía
_96275
650 2 4 _aCapital
_xEconomía
_96276
700 1 _aMárquez, Javier,
_etraductor
_94628
942 _2ddc
_cBK